The biochemistry of functional and experimental psychoses (Record no. 720)
[ view plain ]
| 000 -LEADER | |
|---|---|
| fixed length control field | 00779nam a2200205 a 4500 |
| 005 - DATE AND TIME OF LATEST TRANSACTION | |
| control field | 20260322212031.0 |
| 008 - FIXED-LENGTH DATA ELEMENTS--GENERAL INFORMATION | |
| fixed length control field | data |
| 010 ## - LIBRARY OF CONGRESS CONTROL NUMBER | |
| LC control number | 77-151880 |
| 096 ## - LOCALLY ASSIGNED NLM-TYPE CALL NUMBER (OCLC) | |
| Classification number | WM 100 W429b 1971 |
| 001 - CONTROL NUMBER | |
| control field | data |
| 100 1# - MAIN ENTRY--PERSONAL NAME | |
| Personal name | Weil-Malherbe, Hans, |
| Dates associated with a name | 1905- |
| 245 14 - TITLE STATEMENT | |
| Title | The biochemistry of functional and experimental psychoses |
| Statement of responsibility, etc. | by Hans Weil-Malherbe [and] Stephen I. Szara. With a foreword by Joel Elkes. |
| 260 ## - PUBLICATION, DISTRIBUTION, ETC. | |
| Place of publication, distribution, etc. | Springfield, Ill. |
| Name of publisher, distributor, etc. | Thomas |
| Date of publication, distribution, etc. | 1971 |
| 300 ## - PHYSICAL DESCRIPTION | |
| Extent | xviii, 406 p. ; |
| Dimensions | 24 cm. |
| 490 0# - SERIES STATEMENT | |
| Series statement | American lecture series, publication no. 817. A monograph in the Bannerstone division of American lectures in living chemistry |
| 500 ## - GENERAL NOTE | |
| General note | Includes bibliographical references. |
| 650 02 - SUBJECT ADDED ENTRY--TOPICAL TERM | |
| Topical term or geographic name entry element | Neurochemistry |
| 650 02 - SUBJECT ADDED ENTRY--TOPICAL TERM | |
| Topical term or geographic name entry element | Psychotic Disorders |
| 710 2# - ADDED ENTRY--CORPORATE NAME | |
| Corporate name or jurisdiction name as entry element | Szara, Stephen I., |
| Date of meeting or treaty signing | 1923- joint author. |
| Withdrawn status | Lost status | Damaged status | Not for loan | Home library | Current library | Shelving location | Date acquired | Total checkouts | Full call number | Barcode | Date last seen | Price effective from | Koha item type |
|---|---|---|---|---|---|---|---|---|---|---|---|---|---|
| Centerville | Centerville | General stacks | 22/03/2026 | GEN | BC0010737 | 22/03/2026 | 22/03/2026 | Books |